| 000 | 00749nam a2200193Ia 4500 | ||
|---|---|---|---|
| 008 | 151121s9999||||xx |||||||||||||| ||und|| | ||
| 082 | _a030 /आपटे | ||
| 082 | _bHNW-63855 | ||
| 100 | _aआपटे न। गं।-संपा। | ||
| 245 | _aमहाराष्ट्र ग्रामकोश मंडळ-2 | ||
| 260 | _bटिळक महा। विद्यापीठ | ||
| 260 | _c-- | ||
| 300 | _a320 | ||
| 600 | _aआपटे न। गं।-संपा। | ||
| 630 | _aमहाराष्ट्र ग्रामकोश मंडळ-2 | ||
| 700 | _aआपटे न। गं।-संपा। | ||
| 730 | _aमहाराष्ट्र ग्रामकोश मंडळ-2 | ||
| 942 | _cBOOK | ||
| 999 |
_c1245386 _d1245383 |
||